Elements Of Discrete Mathematics (Record no. 321908)
[ view plain ]
| 000 -LEADER | |
|---|---|
| fixed length control field | 00464nam a2200169Ia 4500 |
| 008 - FIXED-LENGTH DATA ELEMENTS--GENERAL INFORMATION | |
| fixed length control field | 230718s9999 xx 000 0 und d |
| 041 ## - LANGUAGE CODE | |
| Language code of text/sound track or separate title | eng |
| 082 ## - DEWEY DECIMAL CLASSIFICATION NUMBER | |
| Classification number | 511.3 |
| Item number | LIU |
| 100 ## - MAIN ENTRY--PERSONAL NAME | |
| Personal name | Liu C.L. |
| 245 ## - TITLE STATEMENT | |
| Title | Elements Of Discrete Mathematics |
| 250 ## - EDITION STATEMENT | |
| Edition statement | 3rd ed. |
| 260 ## - PUBLICATION, DISTRIBUTION, ETC. (IMPRINT) | |
| Date of publication, distribution, etc. | 2008 |
| Name of publisher, distributor, etc. | Tata Mc-Graw Hill |
| 300 ## - PHYSICAL DESCRIPTION | |
| Extent | 547 |
| Accompanying material [OBSOLETE, CAN/MARC] | Ref 355 G (33116) |
| 365 ## - TRADE PRICE | |
| Currency code | Rs. |
| Price amount | 250.00 |
| 700 ## - ADDED ENTRY--PERSONAL NAME | |
| Personal name | Liu C.L. & Mohapatra D.P. |
| 906 ## - LOCAL DATA ELEMENT F, LDF (RLIN) | |
| d | O:0016320-Jul-2009B:70303-Jul-2009 |
| c | IT |
| b | 250 |
| Withdrawn status | Lost status | Damaged status | Not for loan | Home library | Current library | Date acquired | Vendor | Budget Code | Cost, normal purchase price | Bill number | Total Checkouts | Full call number | Barcode | Date last seen | Date last checked out | Discount | Cost, replacement price | Bill Date | Koha item type | Original Barcode |
|---|---|---|---|---|---|---|---|---|---|---|---|---|---|---|---|---|---|---|---|---|
| Cummins College of Engineering for Women Pune | Cummins College of Engineering for Women Pune | 20/07/2009 | Tbs | IT | 200.00 | 703 | 7 | 511.3 | CCEP-BK-33115 | 23/09/2025 | 09/09/2025 | 250 | 250.00 | 03/07/2009 | Books | 033115 |